[Event "DM G5 Grp1 2025"]
[Site "Svendborg"]
[Date "2025.04.12"]
[Round "1"]
[White "Laursen, Niels Norskov"]
[Black "Hansen, Jorgen Frank"]
[Result "1-0"]
[WhiteElo "2179"]
[BlackElo "1802"]
[WhiteFideId "1404709"]
[BlackFideId "1446258"]
[EventDate "2025.04.12"]
[EventType "swiss"]
[EventRounds "5"]
[EventCountry "DEN"]
[SourceTitle "Live v. Kasper Jerwiarz"]

1. e4 c5 2. Nf3 Nc6 3. Bb5 g6 4. O-O Bg7 5. c3 d6 6. d4 cxd4 7. cxd4 Bd7 8. Nc3 a6 9. Ba4 e5 10. dxe5 dxe5 11. Bg5 f6 12. Be3 Nge7 13. Bb3 Na5 14. Bd5 Nxd5 15. Nxd5 Nc4 16. Qb3 Nxe3 17. Qxe3 Bc6 18. Rfd1 Bxd5 19. Rxd5 Qe7 20. Qb3 Rd8 21. Rxd8+ Kxd8 22. Rc1 Bf8 23. Qb6+ Ke8 24. Rc8+ 1-0

[Event "DM G5 Grp1 2025"]
[Site "Svendborg"]
[Date "2025.04.12"]
[Round "1"]
[White "Velarde, Andrew"]
[Black "Gregor, Bjarke"]
[Result "0-1"]
[WhiteElo "1794"]
[BlackElo "2063"]
[WhiteFideId "1435132"]
[BlackFideId "1423401"]
[EventDate "2025.04.12"]
[EventType "swiss"]
[EventRounds "5"]
[EventCountry "DEN"]
[SourceTitle "Live v. Kasper Jerwiarz"]

1. e4 c5 2. Nc3 Nc6 3. f4 g6 4. Nf3 Bg7 5. a3 e6 6. Be2 Nge7 7. O-O d6 8. Kh1 a6 9. b4 b6 10. Bb2 O-O 11. Rb1 Nd4 12. b5 a5 13. a4 Bb7 14. d3 d5 15. Nd2 Qc7 16. Rf2 dxe4 17. dxe4 Rad8 18. Bd3 Rd7 19. Nc4 Rfd8 20. Qf1 f5 21. e5 Nd5 22. Nd6 Ne3 23. Qe1 Nxg2 24. Rxg2 Rxd6 25. exd6 Qxd6 26. Be4 fxe4 27. Qe3 Nf5 28. Nxe4 Nxe3 29. Nxd6 Bxg2+ 30. Kg1 Bxb2 31. Rxb2 Rxd6 32. Kf2 Nd1+ 0-1

[Event "DM G5 Grp1 2025"]
[Site "Svendborg"]
[Date "2025.04.12"]
[Round "1"]
[White "Skaelbaek, Noah"]
[Black "Clausen, Hans Jorgen"]
[Result "1-0"]
[WhiteElo "1914"]
[BlackElo "1775"]
[WhiteFideId "1470604"]
[BlackFideId "1409425"]
[EventDate "2025.04.12"]
[EventType "swiss"]
[EventRounds "5"]
[EventCountry "DEN"]
[SourceTitle "Live v. Kasper Jerwiarz"]

1. e4 c5 2. c3 Nc6 3. d4 cxd4 4. cxd4 e6 5. Nf3 Bb4+ 6. Nc3 Bxc3+ 7. bxc3 d5 8. e5 Nge7 9. Bd3 h6 10. O-O O-O 11. Nh4 Nf5 12. Nxf5 exf5 13. Qh5 Ne7 14. Re1 Qb6 15. Ba3 Re8 16. Bd6 Be6 17. Rab1 Qd8 18. Rxb7 Ng6 19. Bxf5 Qg5 20. Qxg5 hxg5 21. Bxe6 Rxe6 22. Reb1 Kh7 23. Rxf7 1-0

[Event "DM G5 Grp1 2025"]
[Site "Svendborg"]
[Date "2025.04.12"]
[Round "1"]
[White "Hanuscheck, Jorgen Peter"]
[Black "Mosegaard, Klaus"]
[Result "0-1"]
[WhiteElo "1761"]
[BlackElo "1871"]
[WhiteFideId "1462512"]
[BlackFideId "1441710"]
[EventDate "2025.04.12"]
[EventType "swiss"]
[EventRounds "5"]
[EventCountry "DEN"]
[SourceTitle "Live v. Kasper Jerwiarz"]

1. d4 e6 2. c4 f5 3. Nc3 Nf6 4. Nf3 Bb4 5. Bd2 b6 6. a3 Bxc3 7. Bxc3 Ne4 8. Qc2 Bb7 9. e3 O-O 10. Bd3 d6 11. O-O-O Nd7 12. Rhg1 Qe7 13. Rdf1 e5 14. Nd2 Nxc3 15. Qxc3 c6 16. e4 fxe4 17. Bxe4 d5 18. Bc2 exd4 19. Qxd4 c5 20. Qd3 Nf6 21. Kb1 dxc4 22. Nxc4 Rad8 23. Re1 Qc7 24. Qh3 Rfe8 25. Rxe8+ Rxe8 26. Rd1 Bc8 27. Bf5 Bxf5+ 28. Qxf5 Rd8 29. Qe6+ Kf8 30. Rxd8+ Qxd8 31. Nd6 Qd7 32. Qxd7 Nxd7 33. Nc8 a6 34. Kc2 Kf7 35. Kd3 Ke6 36. g4 g5 37. h3 b5 38. b3 Ne5+ 39. Ke4 c4 40. Kd4 cxb3 41. Kc3 b2 42. Kxb2 Nd3+ 43. Kc3 Nxf2 44. Kd4 Nxh3 45. Ke3 Nf4 46. Ke4 Nd5 47. Na7 Nf6+ 48. Kd4 Nxg4 49. Nc6 h5 50. Nb4 h4 51. Ke4 Nf6+ 52. Kf3 g4+ 53. Kg2 Ne4 54. Nxa6 Ke5 55. Nb4 Kd4 56. Nc6+ Kc3 57. Ne5 Nf6 58. Nc6 Kc4 59. Na5+ Kc5 60. Nb3+ Kc4 61. Na5+ Kd3 62. Nc6 h3+ 63. Kh2 Kc4 64. Na5+ Kc3 0-1

[Event "DM G5 Grp1 2025"]
[Site "Svendborg"]
[Date "2025.04.12"]
[Round "1"]
[White "Jacobsen, Hans Endrup"]
[Black "Kappel, Erik"]
[Result "1/2-1/2"]
[WhiteElo "1922"]
[BlackElo "1697"]
[WhiteFideId "1406841"]
[BlackFideId "1478311"]
[EventDate "2025.04.12"]
[EventType "swiss"]
[EventRounds "5"]
[EventCountry "DEN"]
[SourceTitle "Live v. Kasper Jerwiarz"]

1. e4 c5 2. Nf3 d6 3. d4 cxd4 4. Nxd4 Nf6 5. Nc3 a6 6. Bg5 e5 7. Nb3 h6 8. Bxf6 Qxf6 9. Nd5 Qd8 10. c4 Be6 11. Be2 Nd7 12. O-O Nb6 13. Ne3 Be7 14. Qd3 O-O 15. Nd2 Qc7 16. b3 Rac8 17. Rfd1 g6 18. Bg4 Kg7 19. Ndf1 h5 20. Bf3 Rfd8 21. g3 Nd7 22. Nd5 Bxd5 23. Qxd5 Nf6 24. Qd3 Qc5 25. Ne3 Rc7 26. Bg2 b5 27. Rac1 Qa3 28. Rc2 Qa5 29. cxb5 Rxc2 30. Qxc2 axb5 31. Bf1 Rd7 32. Nd5 Nxd5 33. Rxd5 Rc7 34. Rxb5 Rxc2 35. Rxa5 f5 36. exf5 gxf5 37. Kg2 Kf6 38. a4 e4 39. Kg1 Rc1 40. Rd5 Ke6 41. Rd2 Rb1 42. Kg2 d5 43. a5 Rxb3 44. a6 Ra3 45. Rc2 d4 46. Bc4+ Ke5 47. Ra2 Rxa2 48. Bxa2 Bc5 1/2-1/2

[Event "DM G5 Grp1 2025"]
[Site "Svendborg"]
[Date "2025.04.12"]
[Round "1"]
[White "Gregor, Jan"]
[Black "Hansen, Alex"]
[Result "0-1"]
[WhiteElo "1711"]
[BlackElo "1889"]
[WhiteFideId "1435329"]
[BlackFideId "1409719"]
[EventDate "2025.04.12"]
[EventType "swiss"]
[EventRounds "5"]
[EventCountry "DEN"]
[SourceTitle "Live v. Kasper Jerwiarz"]

1. e4 e5 2. Nf3 Nc6 3. d4 exd4 4. Bc4 Be7 5. O-O d6 6. Nxd4 Nf6 7. Nxc6 bxc6 8. Nc3 Be6 9. Bb3 d5 10. e5 Nd7 11. Bf4 Nc5 12. Qf3 a5 13. a4 Nxb3 14. cxb3 Qb8 15. Ne2 c5 16. Nc3 c6 17. Ne2 h5 18. h3 g5 19. Bh2 g4 20. hxg4 hxg4 21. Qd3 d4 22. Nf4 Qxe5 23. Rfe1 Qf5 24. Re4 Qh7 25. Nxe6 fxe6 26. Rae1 Qxh2+ 27. Kf1 Rh6 28. Rxg4 Kd7 29. Rg6 Qh1+ 30. Ke2 Qh5+ 0-1

[Event "DM G5 Grp1 2025"]
[Site "Svendborg"]
[Date "2025.04.12"]
[Round "1"]
[White "Bruntse, Kathrine Lindegaard"]
[Black "Munch, Niels Christian"]
[Result "1-0"]
[WhiteElo "1864"]
[BlackElo "1760"]
[WhiteFideId "1472283"]
[BlackFideId "1470744"]
[EventDate "2025.04.12"]
[EventType "swiss"]
[EventRounds "5"]
[EventCountry "DEN"]
[SourceTitle "Live v. Kasper Jerwiarz"]

1. d4 c6 2. c4 d5 3. Nc3 Bf5 4. cxd5 cxd5 5. Qb3 Nc6 6. e3 Nf6 7. Qxb7 Na5 8. Bb5+ Nd7 9. Qxd5 Be6 10. Qf3 g6 11. d5 Bf5 12. e4 Bg7 13. exf5 O-O 14. Bxd7 Qxd7 15. fxg6 fxg6 16. Qe4 Rf5 17. Qe6+ Qxe6+ 18. dxe6 Bd4 19. Nf3 Bxc3+ 20. bxc3 Rc8 21. O-O Rxc3 22. Bd2 Rd3 23. Bxa5 Rxa5 24. Rfc1 Kg7 25. Kf1 Kf6 26. Re1 Rad5 27. Rac1 a5 28. Rc4 Ra3 29. Rf4+ Rf5 30. Rxf5+ gxf5 31. Re2 Rd3 32. Ke1 a4 33. Re3 Rd6 34. g3 f4 35. Re4 fxg3 36. hxg3 Rd3 37. Nd4 Ra3 38. Re2 Rd3 39. Rd2 Rc3 40. Ke2 Ke5 41. Rd3 Rc1 42. Ke3 Re1+ 43. Ne2 Rb1 44. Rd4 a3 45. Ra4 Kxe6 46. Rxa3 Rb2 47. Ra7 Kf6 48. Nf4 e5 49. Nd3 Rc2 50. Ra6+ 1-0

[Event "DM G5 Grp1 2025"]
[Site "Svendborg"]
[Date "2025.04.12"]
[Round "1"]
[White "Moller, Henrik Allan"]
[Black "Poulsen, Albert Damgaard"]
[Result "0-1"]
[WhiteElo "1653"]
[BlackElo "1843"]
[WhiteFideId "1479199"]
[BlackFideId "1478613"]
[EventDate "2025.04.12"]
[EventType "swiss"]
[EventRounds "5"]
[EventCountry "DEN"]
[SourceTitle "Live v. Kasper Jerwiarz"]

1. Nf3 Nf6 2. d4 g6 3. c4 Bg7 4. Nc3 d5 5. e3 O-O 6. b3 c5 7. Bb2 Qa5 8. Qc1 Nc6 9. Be2 cxd4 10. exd4 Ne4 11. O-O Bxd4 12. Nxd4 Nxd4 13. cxd5 Nxc3 14. Bd3 Nde2+ 0-1

[Event "DM G5 Grp1 2025"]
[Site "Svendborg"]
[Date "2025.04.12"]
[Round "1"]
[White "Jorgensen, Palle Halkier"]
[Black "Danielsen, Johnni Hjort"]
[Result "1-0"]
[WhiteElo "1876"]
[BlackElo "1709"]
[WhiteFideId "1440276"]
[BlackFideId "1476599"]
[EventDate "2025.04.12"]
[EventType "swiss"]
[EventRounds "5"]
[EventCountry "DEN"]
[SourceTitle "Live v. Kasper Jerwiarz"]

1. c4 c5 2. Nc3 e6 3. g3 Nc6 4. Bg2 Nf6 5. d3 Be7 6. Nf3 O-O 7. O-O d5 8. cxd5 Nxd5 9. Rb1 a6 10. Bd2 b5 11. a3 Bb7 12. Nxd5 exd5 13. Bf4 Bd6 14. Qc1 Re8 15. Re1 Rc8 16. Qd2 d4 17. Ng5 Qc7 18. Bxd6 Qxd6 19. Ne4 Qe7 20. Qf4 Rcd8 21. Rbc1 c4 22. dxc4 bxc4 23. Rxc4 Ne5 24. Rb4 Bxe4 25. Bxe4 d3 26. exd3 Rxd3 27. Bxd3 Nxd3 28. Rxe7 1-0

[Event "DM G5 Grp1 2025"]
[Site "Svendborg"]
[Date "2025.04.12"]
[Round "1"]
[White "Jakobsen, Alex"]
[Black "Madsen, Svend"]
[Result "1/2-1/2"]
[WhiteElo "1671"]
[BlackElo "1801"]
[WhiteFideId "1480790"]
[BlackFideId "1419846"]
[EventDate "2025.04.12"]
[EventType "swiss"]
[EventRounds "5"]
[EventCountry "DEN"]
[SourceTitle "Live v. Kasper Jerwiarz"]

1. d4 d5 2. c4 Nf6 3. Nf3 c6 4. g3 e6 5. Bg2 Be7 6. O-O O-O 7. Qc2 Nbd7 8. b3 b5 9. c5 a5 10. Nbd2 Re8 11. a3 Nf8 12. Bb2 Qc7 13. e4 dxe4 14. Nxe4 Nd5 15. Rfe1 Bb7 16. Qd2 a4 17. b4 Rad8 18. Rad1 Bc8 19. Nc3 Nd7 20. Nxd5 exd5 21. Bc1 Bf6 22. Qd3 Nf8 23. Bf4 Qb7 24. Bg5 Bxg5 25. Nxg5 f6 26. Nf3 Qf7 27. h3 Rxe1+ 28. Rxe1 Re8 29. Rxe8 Qxe8 30. Qe3 Qf7 31. Ne1 Ng6 32. f4 Kf8 33. Kf2 Qc7 34. Kf3 Kf7 35. Bf1 Qd7 36. g4 Qe7 37. Qxe7+ Nxe7 38. Bd3 h5 39. Ng2 Bd7 40. Ne3 hxg4+ 41. hxg4 g6 42. f5 Kg7 43. fxg6 Nxg6 44. Bxg6 Kxg6 45. Kf4 Be6 46. Ng2 Bd7 1/2-1/2

[Event "DM G5 Grp1 2025"]
[Site "Svendborg"]
[Date "2025.04.12"]
[Round "1"]
[White "Svendsen, Peter Willer"]
[Black "Hansen, Anders"]
[Result "1-0"]
[WhiteElo "1867"]
[BlackElo "1555"]
[WhiteFideId "1405250"]
[BlackFideId "1711237"]
[EventDate "2025.04.12"]
[EventType "swiss"]
[EventRounds "5"]
[EventCountry "DEN"]
[SourceTitle "Live v. Kasper Jerwiarz"]

1. e4 c5 2. Nf3 Nc6 3. Bb5 e6 4. O-O Qc7 5. Re1 a6 6. Bf1 Bd6 7. c3 Ne5 8. d4 cxd4 9. cxd4 Nxf3+ 10. Qxf3 Bxh2+ 11. Kh1 Bd6 12. Nc3 Bb4 13. Bf4 Qa5 14. d5 Nf6 15. Be5 Ke7 16. a3 Bxc3 17. Bxc3 Qd8 18. Rad1 Kf8 19. dxe6 h5 20. e5 fxe6 21. exf6 Kg8 22. f7+ 1-0

[Event "DM G5 Grp1 2025"]
[Site "Svendborg"]
[Date "2025.04.13"]
[Round "2"]
[White "Hansen, Alex"]
[Black "Laursen, Niels Norskov"]
[Result "0-1"]
[WhiteElo "1889"]
[BlackElo "2179"]
[WhiteFideId "1409719"]
[BlackFideId "1404709"]
[EventDate "2025.04.12"]
[EventType "swiss"]
[EventRounds "5"]
[EventCountry "DEN"]
[SourceTitle "Live v. Kasper Jerwiarz"]

1. d4 Nf6 2. Nf3 g6 3. c4 Bg7 4. b3 O-O 5. Bb2 d6 6. e3 Nbd7 7. Be2 e5 8. dxe5 Ng4 9. Qc2 Ndxe5 10. Nbd2 Re8 11. h3 Nxf3+ 12. Bxf3 Bf5 13. e4 Bxb2 14. Qxb2 Nf6 15. Qd4 Nxe4 16. g4 c5 17. Qb2 Ng3+ 18. Kd1 Nxh1 19. Bxh1 Bd3 20. Qc3 Qe7 21. Kc1 Qe5 22. Kb2 Rab8 23. f4 Qd4 24. Qxd4 cxd4 25. Nf3 Be4 26. Nxd4 Bxh1 27. Rxh1 Re4 28. Nb5 a6 29. Nxd6 Rd4 30. c5 b6 31. Rf1 bxc5 32. Nxf7 Kxf7 0-1

[Event "DM G5 Grp1 2025"]
[Site "Svendborg"]
[Date "2025.04.13"]
[Round "2"]
[White "Gregor, Bjarke"]
[Black "Bruntse, Kathrine Lindegaard"]
[Result "0-1"]
[WhiteElo "2063"]
[BlackElo "1864"]
[WhiteFideId "1423401"]
[BlackFideId "1472283"]
[EventDate "2025.04.12"]
[EventType "swiss"]
[EventRounds "5"]
[EventCountry "DEN"]
[SourceTitle "Live v. Kasper Jerwiarz"]

1. e4 c5 2. Nf3 e6 3. d4 cxd4 4. Nxd4 Nc6 5. Nc3 Qc7 6. Be3 a6 7. Qf3 b5 8. O-O-O Bb7 9. Bf4 Nxd4 10. Rxd4 e5 11. Bg3 Rc8 12. Be2 Nf6 13. Rhd1 Bc5 14. R4d2 Bb4 15. Qf5 d6 16. Nd5 Bxd2+ 17. Rxd2 Nxd5 18. exd5 O-O 19. f4 f6 20. Bd3 g6 21. Qe6+ Kg7 22. Bh4 Rf7 23. fxe5 fxe5 24. Be2 Rcf8 25. Qh3 Qc5 26. Bf3 Bc8 27. Qg3 Bf5 28. Qe1 Qc4 29. Kb1 Rc8 30. Bd1 Rfc7 31. Qf2 Qc5 32. Qe2 Qb4 33. Bg3 Qe4 34. Qf2 Qc4 35. b3 Qc5 36. Qe2 Qc3 37. Be1 Qc5 38. g4 Bd7 39. Bg3 Re8 40. Qe4 Rcc8 41. Bf2 Qc7 42. Be3 Rf8 43. Be2 a5 44. Qg2 a4 45. Qh3 Rf7 46. Bh6+ Kg8 47. b4 Qc3 48. Qxc3 Rxc3 49. Bd3 a3 50. Rg2 e4 51. Bxe4 Rf1+ 52. Bc1 Rc4 0-1

[Event "DM G5 Grp1 2025"]
[Site "Svendborg"]
[Date "2025.04.13"]
[Round "2"]
[White "Poulsen, Albert Damgaard"]
[Black "Skaelbaek, Noah"]
[Result "0-1"]
[WhiteElo "1843"]
[BlackElo "1914"]
[WhiteFideId "1478613"]
[BlackFideId "1470604"]
[EventDate "2025.04.12"]
[EventType "swiss"]
[EventRounds "5"]
[EventCountry "DEN"]
[SourceTitle "Live v. Kasper Jerwiarz"]

1. d4 d5 2. c4 c6 3. cxd5 cxd5 4. Nc3 Nf6 5. Bf4 Nc6 6. e3 Bf5 7. Bd3 Bxd3 8. Qxd3 e6 9. Nf3 Bd6 10. Bxd6 Qxd6 11. O-O O-O 12. Rfc1 a6 13. a3 b5 14. b4 Nd7 15. Nd2 Nb6 16. Nb3 Nc4 17. Nc5 Rfb8 18. Nd1 e5 19. dxe5 N6xe5 20. Qc3 Ng4 21. f4 Re8 22. Qd4 Ngxe3 23. Nc3 Qg6 24. Ra2 Nxa3 25. Nxd5 Nac2 26. Qd2 Nxd5 27. Raxc2 Rad8 28. Nb7 Qb6+ 29. Nc5 Ne3 30. Nd7 Nxc2+ 31. Nxb6 Rxd2 0-1

[Event "DM G5 Grp1 2025"]
[Site "Svendborg"]
[Date "2025.04.13"]
[Round "2"]
[White "Mosegaard, Klaus"]
[Black "Jorgensen, Palle Halkier"]
[Result "0-1"]
[WhiteElo "1871"]
[BlackElo "1876"]
[WhiteFideId "1441710"]
[BlackFideId "1440276"]
[EventDate "2025.04.12"]
[EventType "swiss"]
[EventRounds "5"]
[EventCountry "DEN"]
[SourceTitle "Live v. Kasper Jerwiarz"]

1. b3 Nf6 2. Bb2 b6 3. e3 Bb7 4. d4 e6 5. Nf3 Be7 6. Bd3 d5 7. O-O Nbd7 8. Nbd2 O-O 9. Ne5 Ne4 10. f3 Nxd2 11. Qxd2 f5 12. Qe2 a6 13. Rad1 Nf6 14. Kh1 Qe8 15. Rg1 Bd6 16. f4 Ne4 17. Bxe4 fxe4 18. g4 Bxe5 19. dxe5 c5 20. Ba3 d4 21. Rge1 d3 22. Qg2 Rb8 23. Kg1 Rf7 24. Qd2 Rd7 25. Qc3 Rbd8 26. Bb2 Qg6 27. h3 Qh6 28. Kg2 Qh4 29. Qc4 Qe7 30. Kg3 b5 31. Qc3 b4 32. Qd2 a5 33. Qf2 a4 34. Rd2 axb3 35. axb3 Bc6 36. Ra1 Ra8 37. Rxa8+ Bxa8 38. f5 Bc6 39. f6 Qf7 40. cxd3 exd3 41. Qf1 Qg6 42. Qf4 Bd5 43. h4 Bxb3 44. h5 Qf7 45. Qe4 c4 46. g5 Qxh5 47. Rh2 Qxh2+ 48. Kxh2 d2 49. g6 hxg6 50. Qxg6 Rf7 51. Qg4 d1=Q 52. Qxe6 c3 53. Qe8+ Rf8 54. Qg6 Qc2+ 0-1

[Event "DM G5 Grp1 2025"]
[Site "Svendborg"]
[Date "2025.04.13"]
[Round "2"]
[White "Madsen, Svend"]
[Black "Svendsen, Peter Willer"]
[Result "0-1"]
[WhiteElo "1801"]
[BlackElo "1867"]
[WhiteFideId "1419846"]
[BlackFideId "1405250"]
[EventDate "2025.04.12"]
[EventType "swiss"]
[EventRounds "5"]
[EventCountry "DEN"]
[SourceTitle "Live v. Kasper Jerwiarz"]

1. b3 d5 2. Bb2 c5 3. e3 Nc6 4. Bb5 Bd7 5. Nf3 e6 6. O-O Nf6 7. c4 Be7 8. d3 O-O 9. Nbd2 Nb4 10. Bxd7 Nxd7 11. Qe2 Bf6 12. Bxf6 Qxf6 13. d4 cxd4 14. exd4 Nc2 15. Rac1 Nxd4 16. Nxd4 Qxd4 17. Nf3 Qb6 18. cxd5 exd5 19. Qd3 Nf6 20. h3 Rac8 21. Rcd1 Rfd8 22. Nd4 Ne4 23. Nf5 Qf6 24. Ne3 Nc3 25. Rd2 d4 26. Ng4 Qe7 27. Qg3 Ne2+ 28. Rxe2 Qxe2 29. Nh6+ Kf8 30. Nf5 g6 31. Nh6 d3 32. Qf4 Rd7 33. Ng4 Rc6 34. Ne5 Rcd6 35. Nxd7+ Rxd7 36. Qb4+ Re7 37. Qc3 Kg8 38. Qd4 d2 39. Qd8+ Re8 40. Qd7 Qxf1+ 0-1

[Event "DM G5 Grp1 2025"]
[Site "Svendborg"]
[Date "2025.04.13"]
[Round "2"]
[White "Kappel, Erik"]
[Black "Jakobsen, Alex"]
[Result "1/2-1/2"]
[WhiteElo "1697"]
[BlackElo "1671"]
[WhiteFideId "1478311"]
[BlackFideId "1480790"]
[EventDate "2025.04.12"]
[EventType "swiss"]
[EventRounds "5"]
[EventCountry "DEN"]
[SourceTitle "Live v. Kasper Jerwiarz"]

1. d4 d5 2. c4 e6 3. Nf3 Nf6 4. Qc2 c6 5. g3 b6 6. Bg2 Bb7 7. O-O Be7 8. Bg5 h6 9. Bxf6 Bxf6 10. Re1 O-O 11. e3 Nd7 12. cxd5 cxd5 13. Nc3 Rc8 14. Qd3 a6 15. a4 Re8 16. Qd1 h5 17. e4 dxe4 18. Nxe4 Bxe4 19. Rxe4 g6 20. Ne5 Nxe5 21. dxe5 Qxd1+ 22. Rxd1 Be7 23. Red4 Red8 24. Be4 Rxd4 25. Rxd4 Rd8 26. Rxd8+ Bxd8 27. h4 Kg7 28. f4 f6 29. exf6+ Bxf6 30. b3 Bd4+ 31. Kg2 Kf6 32. Kf3 1/2-1/2

[Event "DM G5 Grp1 2025"]
[Site "Svendborg"]
[Date "2025.04.13"]
[Round "2"]
[White "Hansen, Jorgen Frank"]
[Black "Jacobsen, Hans Endrup"]
[Result "0-1"]
[WhiteElo "1802"]
[BlackElo "1922"]
[WhiteFideId "1446258"]
[BlackFideId "1406841"]
[EventDate "2025.04.12"]
[EventType "swiss"]
[EventRounds "5"]
[EventCountry "DEN"]
[SourceTitle "Live v. Kasper Jerwiarz"]

1. e4 c5 2. Nf3 d6 3. c3 Nf6 4. Qc2 Nc6 5. h3 e6 6. Bb5 Bd7 7. O-O Be7 8. a4 O-O 9. Re1 e5 10. Bf1 Rc8 11. d3 Kh8 12. Nh2 Be6 13. f4 exf4 14. Bxf4 Nh5 15. Be3 Ng3 16. Bf2 Nxf1 17. Rxf1 f5 18. exf5 Bxf5 19. Qd1 Ne5 20. d4 Nd3 21. b3 Bg5 22. Kh1 Qd7 23. Bg1 Be4 24. Nf3 Bh6 25. Nbd2 Bxd2 26. Qxd2 Bxf3 27. gxf3 Qxh3+ 28. Bh2 Rxf3 29. Qg2 Qxg2+ 30. Kxg2 Rxf1 31. Kxf1 cxd4 32. cxd4 Rc1+ 33. Rxc1 Nxc1 34. Bxd6 Nxb3 35. d5 Kg8 36. Bb8 a6 37. Ba7 Kf7 38. Be3 Ke7 39. Bf4 b5 40. axb5 axb5 41. Kf2 Nc5 42. Ke3 Nd7 43. Kd4 Kf6 44. Bg3 g5 45. Ke4 h5 46. Bd6 h4 47. Bc7 Nc5+ 48. Kd4 Nb7 49. Be5+ Kf5 50. Bh2 g4 51. Ke3 g3 52. Bg1 Kg4 53. Ke2 h3 54. Kf1 h2 55. Bxh2 gxh2 56. Kg2 b4 0-1

[Event "DM G5 Grp1 2025"]
[Site "Svendborg"]
[Date "2025.04.13"]
[Round "2"]
[White "Munch, Niels Christian"]
[Black "Velarde, Andrew"]
[Result "0-1"]
[WhiteElo "1760"]
[BlackElo "1794"]
[WhiteFideId "1470744"]
[BlackFideId "1435132"]
[EventDate "2025.04.12"]
[EventType "swiss"]
[EventRounds "5"]
[EventCountry "DEN"]
[SourceTitle "Live v. Kasper Jerwiarz"]

1. d4 Nf6 2. Nf3 e6 3. e3 c5 4. Bd3 d5 5. b3 Nc6 6. a3 Bd6 7. Nbd2 O-O 8. Bb2 Re8 9. Ne5 Qb6 10. Nxc6 Qxc6 11. O-O e5 12. dxc5 Qxc5 13. c4 Ng4 14. Be2 Nf6 15. b4 Qc7 16. Rc1 Qd7 17. cxd5 Nxd5 18. Ne4 Bb8 19. Qb3 Nb6 20. Nc3 a6 21. Rfd1 Qf5 22. e4 Qg6 23. Rd3 Be6 24. Qc2 Ba7 25. Rg3 Qf6 26. Rf1 Rac8 27. Qd1 Nc4 28. Bc1 Qd8 29. Nd5 Bxd5 30. exd5 Qd6 31. Kh1 f5 32. f4 e4 33. Bxc4 Rxc4 34. Bb2 g6 35. Be5 Qb6 36. d6 Qc6 37. h4 Bf2 38. Rh3 e3 39. Bb2 Rc2 40. Qd4 Rxb2 41. Qxb2 e2 42. Rxf2 e1=Q+ 43. Kh2 Re3 44. Rxe3 Qxe3 45. Qa2+ Kg7 46. Rf3 Qd4 0-1

[Event "DM G5 Grp1 2025"]
[Site "Svendborg"]
[Date "2025.04.13"]
[Round "2"]
[White "Clausen, Hans Jorgen"]
[Black "Moller, Henrik Allan"]
[Result "0-1"]
[WhiteElo "1775"]
[BlackElo "1653"]
[WhiteFideId "1409425"]
[BlackFideId "1479199"]
[EventDate "2025.04.12"]
[EventType "swiss"]
[EventRounds "5"]
[EventCountry "DEN"]
[SourceTitle "Live v. Kasper Jerwiarz"]

1. d4 Nf6 2. Nf3 e6 3. h3 d5 4. Bf4 Bd6 5. Bxd6 Qxd6 6. c3 c5 7. dxc5 Qxc5 8. e3 Nc6 9. Be2 O-O 10. Nbd2 Rd8 11. Nb3 Qe7 12. O-O b6 13. Nbd4 Bb7 14. Bb5 Nxd4 15. Nxd4 a6 16. Bc6 Rac8 17. Bxb7 Qxb7 18. Nf3 b5 19. Ne5 Nd7 20. Nxd7 Qxd7 21. Qf3 Qe7 22. Rad1 g6 23. a3 Kg7 24. Rd2 Qf6 25. Qxf6+ Kxf6 26. Rfd1 Ke7 27. f4 f5 28. Kf2 Rc4 29. Kf3 h6 30. g4 Kf7 31. h4 Re4 32. g5 h5 33. Rd4 Ke7 34. Rxe4 dxe4+ 35. Ke2 Rxd1 36. Kxd1 Kd6 37. Kc2 e5 38. b3 exf4 39. exf4 Kd5 40. Kd2 a5 41. Ke3 a4 42. c4+ Kc5 43. cxb5 axb3 0-1

[Event "DM G5 Grp1 2025"]
[Site "Svendborg"]
[Date "2025.04.13"]
[Round "2"]
[White "Danielsen, Johnni Hjort"]
[Black "Hanuscheck, Jorgen Peter"]
[Result "0-1"]
[WhiteElo "1709"]
[BlackElo "1761"]
[WhiteFideId "1476599"]
[BlackFideId "1462512"]
[EventDate "2025.04.12"]
[EventType "swiss"]
[EventRounds "5"]
[EventCountry "DEN"]
[SourceTitle "Live v. Kasper Jerwiarz"]

1. d4 Nf6 2. c4 e6 3. Nf3 b6 4. g3 Bb7 5. Bg2 d5 6. O-O Be7 7. Qc2 O-O 8. Nbd2 c5 9. Re1 Qc7 10. e4 dxe4 11. Nxe4 Nxe4 12. Rxe4 Bxe4 13. Qxe4 Nd7 14. Bf4 Bd6 15. Ng5 Nf6 16. Nxe6 Qe7 17. Bxd6 Qxd6 18. Qe5 Qxe5 19. dxe5 fxe6 20. Bxa8 Rxa8 21. exf6 gxf6 22. Rd1 Rf8 23. f4 h5 24. Rd7 Rf7 25. Rxf7 Kxf7 26. Kf2 Kg6 27. h4 Kf5 28. Kf3 e5 29. fxe5 fxe5 30. a3 a6 31. b3 b5 32. b4 bxc4 33. bxc5 c3 34. Ke3 e4 35. c6 Ke6 36. c7 Kd7 37. c8=Q+ Kxc8 38. g4 hxg4 39. h5 g3 40. h6 g2 41. h7 g1=Q+ 42. Kxe4 Qg7 0-1

[Event "DM G5 Grp1 2025"]
[Site "Svendborg"]
[Date "2025.04.13"]
[Round "2"]
[White "Hansen, Anders"]
[Black "Gregor, Jan"]
[Result "0-1"]
[WhiteElo "1555"]
[BlackElo "1711"]
[WhiteFideId "1711237"]
[BlackFideId "1435329"]
[EventDate "2025.04.12"]
[EventType "swiss"]
[EventRounds "5"]
[EventCountry "DEN"]
[SourceTitle "Live v. Kasper Jerwiarz"]

1. b3 e5 2. Bb2 Nc6 3. e3 Bc5 4. d4 exd4 5. exd4 Bb4+ 6. Nd2 Qe7+ 7. Be2 d5 8. h3 Nf6 9. Ngf3 Bf5 10. a3 Bd6 11. O-O O-O-O 12. Bb5 Qd7 13. Ne5 Bxe5 14. dxe5 Ne4 15. Be2 Qe6 16. g4 Bg6 17. f4 f5 18. exf6 Ng3 19. Rf2 Qe3 20. f5 Bf7 21. Nf1 Nxf1 22. Qxf1 d4 23. Bc4 Bxc4 24. bxc4 gxf6 25. Qd3 Rhe8 26. Kg2 Rd6 27. Rf3 Qe2+ 28. Rf2 Qe4+ 29. Rf3 b6 30. Raf1 Na5 31. c5 Qxd3 32. cxd3 bxc5 33. Kf2 c4 34. dxc4 Nxc4 35. Bc1 d3 36. Be3 Nxe3 37. Rxe3 Rxe3 38. Kxe3 c5 39. Kd2 c4 40. Rc1 Rc6 41. a4 Kd7 42. Kc3 Kd6 43. Re1 Kd5 44. Re7 a6 45. Rxh7 Ke5 46. Rd7 Rd6 47. Re7+ Kd5 48. h4 Rb6 49. Rd7+ Rd6 50. Rxd6+ Kxd6 51. h5 Ke7 52. h6 Kf7 53. g5 fxg5 54. f6 Kxf6 0-1

[Event "DM G5 Grp1 2025"]
[Site "Svendborg"]
[Date "2025.04.14"]
[Round "3"]
[White "Laursen, Niels Norskov"]
[Black "Bruntse, Kathrine Lindegaard"]
[Result "1/2-1/2"]
[WhiteElo "2179"]
[BlackElo "1864"]
[WhiteFideId "1404709"]
[BlackFideId "1472283"]
[EventDate "2025.04.12"]
[EventType "swiss"]
[EventRounds "5"]
[EventCountry "DEN"]
[SourceTitle "Live v. Kasper Jerwiarz"]

1. e4 c5 2. Nf3 e6 3. d4 cxd4 4. Nxd4 Nc6 5. Nc3 Qc7 6. Be2 a6 7. O-O Nf6 8. Be3 Be7 9. f4 d6 10. Kh1 O-O 11. a4 Re8 12. Bf3 Nxd4 13. Qxd4 e5 14. Qd2 exf4 15. Bxf4 Be6 16. Rfd1 Rad8 17. a5 Ng4 18. Bxg4 Bxg4 19. Nd5 Qc6 20. Re1 Be6 21. Nxe7+ Rxe7 22. e5 Rc7 23. exd6 Rcc8 24. Rac1 Qb5 25. b3 Rc5 26. c4 Qxb3 27. Rb1 Qxc4 28. Rec1 Qe4 29. Rxc5 Qxb1+ 30. Rc1 Qb5 31. h3 h6 32. Kh2 Qd5 33. Qb4 Bd7 34. Qc5 1/2-1/2

[Event "DM G5 Grp1 2025"]
[Site "Svendborg"]
[Date "2025.04.14"]
[Round "3"]
[White "Skaelbaek, Noah"]
[Black "Svendsen, Peter Willer"]
[Result "1-0"]
[WhiteElo "1914"]
[BlackElo "1867"]
[WhiteFideId "1470604"]
[BlackFideId "1405250"]
[EventDate "2025.04.12"]
[EventType "swiss"]
[EventRounds "5"]
[EventCountry "DEN"]
[SourceTitle "Live v. Kasper Jerwiarz"]

1. e4 e5 2. Nf3 Nf6 3. Nxe5 d6 4. Nf3 Nxe4 5. Nc3 Nxc3 6. dxc3 Be7 7. Be3 Nc6 8. Qd2 O-O 9. O-O-O Ne5 10. h4 Be6 11. Kb1 c6 12. Ng5 d5 13. Bd4 Ng6 14. Nxe6 fxe6 15. h5 e5 16. hxg6 exd4 17. Rxh7 Bg5 18. Qxd4 Qf6 19. Qg4 Rae8 20. Bd3 Bh6 21. c4 Qf4 22. Qd7 Qd2 23. a3 Qxd1+ 24. Ka2 Qh5 25. g4 Qe5 26. f4 Rxf4 27. Rxh6 Qe7 28. Qxe7 Rxe7 29. Rh2 Rxg4 30. cxd5 cxd5 31. Rh5 Rd4 32. Kb3 Rc7 33. Rf5 a6 34. a4 Rc6 1-0